Bello e impossibile

Guardat en:
Dades bibliogràfiques
Autor principal: Lombardo Radice Giovanni
Format: Llibre
Idioma:idioma desconegut
Publicat: Milano Mondadori 1997
Etiquetes: Afegir etiqueta
Sense etiquetes, Sigues el primer a etiquetar aquest registre!

MARC

LEADER 00000nam a2200000Ia 4500
001 790
003 NUMERAZIONE-ORIGINALE-BRESCIA
005 20260206230754.0
008 260206s9999 xx 000 0 und d
100 |a Lombardo Radice Giovanni 
245 0 |a Bello e impossibile 
260 |a Milano 
260 |b Mondadori 
260 |c 1997 
500 |a Biblioteca Umoristica Mondadori 
500 |a Come conquistare un eterosessuale e vivere felici 
942 |2 ddc  |c BK  |n 0 
952 |0 0  |1 0  |2 ddc  |4 0  |6 22  |7 0  |9 28674  |a BS  |b BS  |d 2026-02-06  |i 790  |l 0  |o 2-2-*  |r 2026-02-06 22:40:40  |w 2026-02-06  |x [REVISIONARE]  |y BK 
999 |c 24332  |d 24332